Normal view
MARC view
Entry Topical Term
001 - CONTROL NUMBER
- control field: 8911
003 - CONTROL NUMBER IDENTIFIER
- control field: BD-RjUL
005 - DATE AND TIME OF LATEST TRANSACTION
- control field: 20230911120543.0
008 - FIXED-LENGTH DATA ELEMENTS
- fixed length control field: 230911|| aca||aabn | a|a d
040 ## - CATALOGING SOURCE
- Original cataloging agency: BD-RjUL
- Transcribing agency: BD-RjUL
150 ## - HEADING--TOPICAL TERM
- Topical term or geographic name entry element: Urdu drama
- Form subdivision: History and criticism
670 ## - SOURCE DATA FOUND
- Source citation: Work cat.: (BD-RjUL)81893: بدر امر الهوى٫ محمد طفىل احمد ;; Badr Amr Al-Haway,. Muhammad Tufail Ahmad 8909, تجلىات حشر : تاجدار فن فلسفى اعظم شکسپىئر هند آغا حشر کاشمىرى کے افکار عالىه / Tajalliyāt-i Ḥashr : tājdār-i fann-i falsafī-i aʻẓam-i Shakspīʼar-i Hind Āg̲h̲ā Ḥashr Kāshmīrī ke afkār-i ʻāliyah, [195?]